The market for virtue the potential and limits of corporate social responsibility (Registro nro. 92539)
[ vista simple ]
| 000 -ENCABEZADO | |
|---|---|
| Número de control [NR] | 01305nam a22002537a 4500 |
| 005 - FECHA Y HORA DE LA ÚLTIMA TRANSACCIÓN | |
| control field | 20211112084317.0 |
| 008 - DE LONGITUD FIJA DE DATOS DE ELEMENTOS - INFORMACIÓN GENERAL | |
| Elementos de longitud fija [NR] | 130821s2005 xxu gr eng |
| 020 ## - NUMERO INTERNACIONAL NORMALIZADO PARA LIBROS [R] | |
| Número Internacional Normalizado del libro [NR] | 0815790767 |
| 020 ## - NUMERO INTERNACIONAL NORMALIZADO PARA LIBROS [R] | |
| Número Internacional Normalizado del libro [NR] | 9780815790761 |
| 040 ## - FUENTE DE CATALOGACION [NR] | |
| Agencia de catalogación original [NR] | Co-BoUCM |
| Idioma de catalogación [NR] | spa |
| Quien Cataloga | Luz Cupitra (modificó) |
| Quien Clasifica | Luz Cupitra (modificó) |
| 041 00 - CODIGO DE IDIOMA [R] | |
| Código de idioma para texto/pista de sonido o título separado [R] | Inglés |
| 100 1# - ASIENTO PRINCIPAL--NOMBRE PERSONAL [NR] | |
| Nombre personal [NR] | Vogel, David |
| Fechas asociadas con el nombre [NR] | 1947- |
| ID Autoridad | 75168 |
| 245 14 - MENCION DE TITULO [NR] | |
| Título [NR] | The market for virtue the potential and limits of corporate social responsibility |
| Mención de responsabilidad, etc. [NR] | David Vogel. |
| 260 ## - PUBLICACION, DISTRIBUCION, ETC. (PIE DE IMPRENTA) [R] | |
| Lugar de publicación, distribución, etc. [R] | Washington D.C. (Estados Unidos) |
| Nombre del editor, distribuidor, etc. [R] | Brookings Institution Press |
| Fecha de publicación, distribución, etc. [R] | c2005 |
| 300 ## - DESCRIPCION FISICA [R] | |
| Extensión [R] | xii, 222 páginas |
| 505 0# - NOTA DE CONTENIDO CON FORMATO PREESTABLECIDO [R] | |
| Nota de contenido con formato preestablecido [NR] | The revival of corporate social responsibility -- Is there a business case for virtue? -- What is the demand for virtue? -- Corporate responsibility for working conditions in developing countries -- Corporate responsibility for the environment -- Corporate responsibility for human rights and global corporate citizenship -- Beyond the market for virtue. |
| 650 04 - ASIENTO SECUNDARIO DE MATERIA - TERMINO TEMATICO [R] | |
| Término temático o nombre geográfico como elemento de entrada [NR] | Administración de empresas |
| 9 (RLIN) | 435 |
| 650 04 - ASIENTO SECUNDARIO DE MATERIA - TERMINO TEMATICO [R] | |
| Término temático o nombre geográfico como elemento de entrada [NR] | Administración |
| Subdivisión de forma [R] | Aspectos sociales |
| 9 (RLIN) | 7252 |
| 650 04 - ASIENTO SECUNDARIO DE MATERIA - TERMINO TEMATICO [R] | |
| Término temático o nombre geográfico como elemento de entrada [NR] | Ética de los negocios |
| 9 (RLIN) | 15233 |
| 650 04 - ASIENTO SECUNDARIO DE MATERIA - TERMINO TEMATICO [R] | |
| Término temático o nombre geográfico como elemento de entrada [NR] | Virtud |
| 9 (RLIN) | 26308 |
| 856 41 - LOCALIZACION Y ACCESO ELECTRONICOS [R] | |
| Especificación de los materiales [NR] | Contenido |
| Identificador Uniforme del Recurso (“URI”) [R] | <a href="http://www.loc.gov/catdir/toc/ecip0513/2005015005.html">http://www.loc.gov/catdir/toc/ecip0513/2005015005.html</a> |
| 942 ## - ELEMENTOS DE ENTRADA AGREGADOS (KOHA) | |
| Tipo de ítem principal el descrito en 300a | Libro |
| Tema principal | Administración |
| Edición | 1 |
| Parte restante de la signatura top. | V878m |
| Sistema de clasificación | DEWEY |
| Clasificación | 658.408 |
| Fecha de último préstamo | Total préstamos | Signatura topográfica | Código de barras | Última vez visto | Ejemplar | Price effective from | Tipo de ítem | Perdido | Sistema de clasificación | Dañado | No prestable | Tipo de ítem específico | Suprimido | Ubicación habitual | Ubicación actual | Localización | Fecha de creación | Forma de adquisición | Costo |
|---|---|---|---|---|---|---|---|---|---|---|---|---|---|---|---|---|---|---|---|
| 09/02/2013 | 2 | 658.408 V878m | 100092758 | 04/12/2025 | Ej.1 | 03/02/2013 | Libro | DEWEY | Libro | Claustro | Claustro | 4to piso | 28/02/2013 | Compra | 45000.00 |